Jang-e-azaadi aur Punjab (Urdu)(جنگ آزادی اور پنجاب) (Record no. 38485)
[ view plain ]
| 000 -LEADER | |
|---|---|
| fixed length control field | 00646nam a2200193Ia 4500 |
| 001 - CONTROL NUMBER | |
| control field | 39170 |
| 003 - CONTROL NUMBER IDENTIFIER | |
| control field | OSt |
| 005 - DATE AND TIME OF LATEST TRANSACTION | |
| control field | 20150622114505.0 |
| 008 - FIXED-LENGTH DATA ELEMENTS--GENERAL INFORMATION | |
| fixed length control field | 140423s9999 xx 000 0 und d |
| 020 ## - INTERNATIONAL STANDARD BOOK NUMBER | |
| International Standard Book Number | NA |
| 040 ## - CATALOGING SOURCE | |
| Transcribing agency | PK-LaUMT |
| 082 ## - DEWEY DECIMAL CLASSIFICATION NUMBER | |
| Classification number | 954.031 |
| Item number | NAV-J |
| 100 ## - MAIN ENTRY--PERSONAL NAME | |
| Personal name | Naveed, Shahzad(نوید، شہزاد) |
| 245 ## - TITLE STATEMENT | |
| Title | Jang-e-azaadi aur Punjab (Urdu)(جنگ آزادی اور پنجاب) |
| Statement of responsibility, etc | Naveed, Shahzad(نوید ، شہزاد) |
| 260 ## - PUBLICATION, DISTRIBUTION, ETC. (IMPRINT) | |
| Place of publication, distribution, etc | Lahore,Pakistan:(لاہور، پاکستان ) |
| Name of publisher, distributor, etc | Centre for South Asian Studies,(سنٹر فار ساوتھ ایشین سٹڈیز) |
| Date of publication, distribution, etc | 2008 |
| 300 ## - PHYSICAL DESCRIPTION | |
| Extent | 304 p. |
| 546 ## - LANGUAGE NOTE | |
| Language note | UR |
| 942 ## - ADDED ENTRY ELEMENTS (KOHA) | |
| Koha item type | Books |
| Source of classification or shelving scheme | Dewey Decimal Classification |
| Withdrawn status | Lost status | Damaged status | Not for loan | Home library | Current library | Date acquired | Total Checkouts | Full call number | Barcode | Date last seen | Date checked out | Price effective from | Koha item type |
|---|---|---|---|---|---|---|---|---|---|---|---|---|---|
| UMT Main Campus | UMT Main Campus | 2014-04-23 | 1 | 954.031 NAV-J | 41864 | 2022-06-17 | 2022-06-16 | 2014-05-05 | Books |
